000 00452nam a22001697a 4500
003 MPLRDC
005 20220104114227.0
008 210129b ||||| |||| 00| 0 eng d
020 _a962-08-0704-9
082 _a857.49 CXQ-2 v.1
100 _a江南春等绘
245 _a红楼梦连环画. 一
_c
260 _a
_b新雅文化事业有限公司
_c1980
300 _b
650 _a话本小说及章回--红楼梦
942 _cBK
_o857.49 CXQ-2 v.1
999 _c5832
_d5822